Responses for show #5529 - Thursday, September 25, 2008

Contestants

Pam Winters, a writer and editor from Churchton, Maryland

Mark Raabe, an IT director from Coon Rapids, Minnesota

Brian Levinson, a writer from Queens, New York (whose 1-day cash winnings total $20,001)

Jeopardy! Round responses

SPOOF FILMS
THERE WILL BE BLOOD SAUSAGE
IN THE VALLEY OF ELI
DANCE FORMERS
ENTOMBMENT
CHARLIE WILSON'S WAR WORDS
    $200 1
Airplane!

Brian
    $200 11
Ireland

Brian
    $200 21
Eli Whitney

Mark
    $200 26
Agnes de Mille

Pam
    $200 6
Alexander Hamilton

Brian
    $200 12
a rifle

Brian
    $400 2
Spinal Tap

Pam
    $400 17
Spain

Brian
    $400 22
Utah

Brian
    $400 27
Job

Brian
    $400 7
mummies

Brian
    $400 13
a click

Brian
    $600 3
The Naked Gun

Brian
    $600 18
Germany

Mark
    $600 23
Eli Manning

Mark
    $600 28
Ravi Shankar

Pam
    $600 8
Custer

Brian
    $600 14
(Pam: Uh, what are planes?)
(Mark: Uh, what are helicopters?)

parachutes

MarkPam
Triple Stumper
    $800 4
Shaun of the Dead

Mark
    $800 19
(Alex: And that is [*], black sausage. Ugh!)

boudin noir

Triple Stumper
    $800 24
Eli Wallach

Brian
    $1,400 29
(Pam: [No response])

Don Quixote

Pam
    $800 9
Ponce de León

Pam
    $800 15
antebellum

Brian
    $1000 5
Scary Movie

Pam
    $1000 20
Korea

Brian
    $1000 25
Eli Lilly

Mark
    $1000 30
Martha Graham

Mark
    $1000 10
(Alex: Tie French and Poland together and you maybe come up with [*].)

Frederic Chopin

Triple Stumper
    $1000 16
camouflage

Mark

Scores at the first commercial break (after clue 15):

Brian Mark Pam
$3,600 $200 $1,600

Scores at the end of the Jeopardy! Round:

Brian Mark Pam
$6,600 $4,600 $1,000

Double Jeopardy! Round responses

THE 20th CENTURY
ROCK & ROLL
AUTHORS' MIDDLE NAMES
OFFICIAL STATE STUFF
SEEING THE LIGHT
"E" GAD!
    $400 6
Tito

Brian
    $400 8
Bon Jovi

Brian
    $400 1
Stanley

Brian
    $400 13
a deer

Mark
    $400 23
photosynthesis

Brian
    $400 18
epsilon

Mark
    $800 7
septuplets

Brian
    $800 9
[Brian responds in a Cockney accent.]
(Alex: Ha ha! There you go again, I love it!)
(Brian: [Still in character] Thank you.)

The Sex Pistols

Brian
    $800 2
Stearns

Brian
    $800 14
copper

Pam
    $800 26
green

Brian
    $800 19
an enzyme

Brian
    $1200 28
[The end-of-round signal sounds.]

Wounded Knee

Mark
    $1200 10
Detroit

Brian
    $1200 3
Wilkie

Brian
    $1200 15
"I Love You"

Brian
    $1200 27
a hologram

Brian
    $1200 20
Eternity

Brian
    $1600 11
Lenny Kravitz

Brian
    $1600 4
Makepeace

Brian
    $1600 16
the cardinal

Pam
    $400 21
echinacea

Brian
    $2000 24
Guyana

Brian
    $2000 12
[Applause for Brian's run of the category]

Soundgarden

Brian
    $2000 5
(Mark: Uh, what is...[*]?)
(Alex: Yes! That's it.)
(Mark: Uh... Just want to keep it exciting.)
[Laughter]

Staples

Mark
    $2,400 17
(Pam: [Under her breath] Oh, heck, what was his name. [Nervous laugh] Um, [*]. Who is [*]?)

Pogo

Pam
    $2000 25
photons

Brian
    $2000 22
Europa

Mark

Scores at the end of the Double Jeopardy! Round:

Brian Mark Pam
$27,800 $10,600 $5,800
(lock game)

[wagering suggestions for these scores]

Final Jeopardy! Round responses

ISLAND CHAINS
(Alex: Yes, the Catherine Archipelago named for Catherine the Great of Russia.)
PamWhat are the Falklands?
$0
MarkWhat are the Aleutians?
$2,000
BrianWhat are the Aleutians
$0
the Aleutian Islands

Final scores:

Brian Mark Pam
$27,800 $12,600 $5,800
2-day champion: $47,801 2nd place: $2,000 3rd place: $1,000

Game dynamics:

Coryat scores:

Brian Mark Pam
$29,000 $10,600 $6,800
34 R
(including 1 DD),
0 W
12 R,
1 W
8 R
(including 1 DD),
2 W
(including 1 DD)

Combined Coryat: $46,400

The J! Archive is created by fans, for fans. The Jeopardy! game show and all elements thereof, including but not limited to copyright and trademark thereto, are the property of Jeopardy Productions, Inc. and are protected under law. This website is not affiliated with, sponsored by, or operated by Jeopardy Productions, Inc. Join the discussion at JBoard.tv.